000 01175nam a22003377a 4500
003 CHAP
005 20220329133434.0
008 971013s1991 r 00010 d
010 _a6383
011 _a7355
035 _a6578
040 _cCHAP
090 _aTesis
100 0 0 _aFlores García, Elíseo.
_941541
245 _aCaracterísticas de maquinado y comparación de dos aleaciones de acero de las cuchillas en el cepillado en tres especies de encino del estado de Guanajuato
260 _aChapingo, Méx. :
_bEl autor,
_c1991
300 _a49 h.
500 _a62-23
502 _aTesis (Ing. For. con Orientación en Industrias Forestales) -- UACH. División de Ciencias Forestales
590 _aALEPH
_b10
_c20130110
_lUCH01
_h1218
590 _aBATCH-UPD
_b10
_c20130110
_lUCH01
_h1535
590 _aBATCH-UPD
_b10
_c20130410
_lUCH01
_h0940
590 _aBATCH-UPD
_b10
_c20130914
_lUCH01
_h1738
590 _aCONVERSION
_b10
_c20130109
_lUCH01
_h1305
650 1 4 _aMadera
_xPropiedades y usos.
_969621
650 1 4 _aMaquinaria forestal.
_971212
650 1 4 _aQuercus.
_993173
901 _aBK
942 _cTESIS
949 _bBC
_cTES
_d-16185
_eTS1
_h24798
_i6578
_si
999 _c6383
_d6383